[Event "EU-Cup 37th"]
[Site "Mayrhofen"]
[Date "2022.10.03"]
[Round "1.5"]
[White "Suarez Garcia, Carlos"]
[Black "Maghsoodloo, Parham"]
[Result "0-1"]
[WhiteElo "2430"]
[BlackElo "2721"]
[PlyCount "78"]
[EventDate "2022.10.03"]
[EventType "team-swiss"]
[EventRounds "7"]
[EventCountry "AUT"]
[SourceTitle "CBM 210 Extra"]
[Source "ChessBase"]
[SourceDate "2022.11.30"]
[SourceVersion "1"]
[SourceVersionDate "2022.11.30"]
[SourceQuality "1"]
[WhiteTeam "Wasa"]
[BlackTeam "Clichy Echecs 92"]
[WhiteTeamCountry "SWE"]
[BlackTeamCountry "FRA"]

1. Nf3 d5 2. b3 Bf5 3. Bb2 e6 4. g3 h6 5. Bg2 Nf6 6. 0-0 Be7 7. d3 0-0 8. Nbd2 a5 9. a3 Nbd7 10. c4 c6 11. Ra2 Bh7 12. Qa1 Re8 13. Ne5 Bf8 14. Nxd7 Nxd7 15. Bc3 Nc5 16. d4 Na6 17. Rc1 b5 18. cxb5 cxb5 19. Nf3 Rc8 20. Qb2 Qb6 21. Raa1 b4 22. axb4 Nxb4 23. Bd2 Nc2 24. Ra4 Bb4 25. e3 Rc7 26. Bxb4 axb4 27. Bf1 Rec8 28. Ne5 Rc3 29. Nd7 Qd8 30. Nc5 Qf6 31. Nd7 Qe7 32. Nc5 e5 33. Rd1 exd4 34. exd4 Qf6 35. Qa2 Nxd4 36. Nd3 Nf3+ 37. Kh1 Bxd3 38. Rxd3 Rxd3 39. Ra8 Rdc3 0-1

[Event "Titled Tuesday intern op 20th Sep Late"]
[Site "Chess.com INT"]
[Date "2022.09.20"]
[Round "4"]
[White "Suarez Garcia, Carlos"]
[Black "Onslow, Alfie"]
[Result "1-0"]
[WhiteElo "2455"]
[BlackElo "2115"]
[PlyCount "77"]
[EventDate "2022.09.20"]
[EventType "swiss (blitz)"]
[EventRounds "11"]
[EventCountry "USA"]
[SourceTitle "EXT 2023"]
[Source "ChessBase"]
[SourceDate "2022.10.05"]
[SourceVersion "1"]
[SourceVersionDate "2022.10.05"]
[SourceQuality "1"]

1. e4 g6 2. h4 Bg7 3. h5 d5 4. exd5 Qxd5 5. Nc3 Qe5+ 6. Be2 c6 7. d3 Bg4 8. Be3 Bxe2 9. Ngxe2 Nf6 10. h6 Bf8 11. Qd2 Nbd7 12. 0-0-0 Qa5 13. d4 e6 14. Bf4 Bb4 15. a3 Bxc3 16. Nxc3 Nd5 17. Nxd5 Qxd2+ 18. Bxd2 cxd5 19. Bb4 Nb6 20. b3 Kd7 21. a4 a5 22. Bc5 Kc6 23. Rh3 Nd7 24. Be7 b6 25. g4 Kb7 26. Rf3 f6 27. Re1 Rae8 28. Rxe6 Rhf8 29. Bxf8 Rxe6 30. Bg7 Kc6 31. Kd2 Kd6 32. Kd3 Ke7 33. c4 Kf7 34. cxd5 Rd6 35. Kc4 f5 36. gxf5 g5 37. Re3 Nf6 38. Re6 Rxd5 39. Rxf6+ 1-0

[Event "Titled Tuesday intern op 20th Sep Late"]
[Site "Chess.com INT"]
[Date "2022.09.20"]
[Round "10"]
[White "Sztokbant, Bernardo Vainzoff"]
[Black "Suarez Garcia, Carlos"]
[Result "0-1"]
[WhiteElo "2213"]
[BlackElo "2455"]
[PlyCount "64"]
[EventDate "2022.09.20"]
[EventType "swiss (blitz)"]
[EventRounds "11"]
[EventCountry "USA"]
[SourceTitle "EXT 2023"]
[Source "ChessBase"]
[SourceDate "2022.10.05"]
[SourceVersion "1"]
[SourceVersionDate "2022.10.05"]
[SourceQuality "1"]

1. b3 c5 2. Bb2 d6 3. Nf3 e5 4. c4 Nc6 5. e3 f5 6. d4 e4 7. Nfd2 Nf6 8. d5 Ne5 9. Bxe5 dxe5 10. Nc3 Bd6 11. Be2 0-0 12. Qc2 a6 13. 0-0 Bd7 14. a3 Qe8 15. Rab1 Qg6 16. b4 b6 17. bxc5 Bxc5 18. a4 Ne8 19. Nb3 Qd6 20. Nxc5 Qxc5 21. Rb2 Nd6 22. Qb3 Rab8 23. Rfb1 f4 24. Qb4 Qc7 25. c5 bxc5 26. Qxb8 Rxb8 27. Rxb8+ Kf7 28. Bxa6 Qa5 29. R8b6 Ke7 30. Nd1 Bxa4 31. Be2 Qd2 32. Bg4 Qe1# 0-1

[Event "ESP-chT CECLUB Honor"]
[Site "Linares"]
[Date "2022.09.20"]
[Round "4.3"]
[White "Yuffa, Daniil"]
[Black "Suarez Garcia, Carlos"]
[Result "1-0"]
[WhiteElo "2600"]
[BlackElo "2455"]
[PlyCount "127"]
[EventDate "2022.09.17"]
[EventType "team-tourn"]
[EventRounds "7"]
[EventCountry "ESP"]
[SourceTitle "CBM 210 Extra"]
[Source "ChessBase"]
[SourceDate "2022.11.30"]
[SourceVersion "1"]
[SourceVersionDate "2022.11.30"]
[SourceQuality "1"]
[WhiteTeam "Costa Calida"]
[BlackTeam "Sestao Hotel Naval"]
[WhiteTeamCountry "ESP"]
[BlackTeamCountry "ESP"]

1. d4 d5 2. c4 e6 3. Nf3 Nf6 4. Nc3 Be7 5. Bf4 0-0 6. e3 Nbd7 7. c5 c6 8. b4 b6 9. Bd3 a5 10. a3 Ba6 11. 0-0 Qc8 12. h3 Qb7 13. Rb1 Bxd3 14. Qxd3 axb4 15. axb4 Ra3 16. Qc2 Rfa8 17. Rfc1 b5 18. Nd2 Bd8 19. Nb3 R3a6 20. Qe2 Bc7 21. Bxc7 Qxc7 22. Na5 Ne4 23. f3 Nxc3 24. Rxc3 e5 25. Qf2 Re8 26. Qg3 Ra7 27. Rd1 exd4 28. Qxc7 Rxc7 29. exd4 Nb8 30. Kf2 Na6 31. Rb1 Ra8 32. Ra3 Nxb4 33. Rxb4 Rca7 34. Nxc6 Rxa3 35. Rxb5 Ra2+ 36. Kg3 Rd2 37. Rb7 Kf8 38. Ne5 Rxd4 39. c6 Re8 40. c7 Rd2 41. Nd7+ Ke7 42. Nb6 Ke6 43. Rb8 Kd6 44. Rxe8 Kxc7 45. Na4 Rc2 46. Re7+ Kc6 47. Rxf7 d4 48. Rxg7 Ra2 49. Rxh7 Rxa4 50. Rh8 Kd7 51. Rb8 Kc7 52. Rb1 Kd6 53. h4 Kc5 54. h5 d3 55. h6 Ra7 56. Kf4 Kd4 57. g4 Rf7+ 58. Kg5 Rxf3 59. h7 Rh3 60. Kg6 Ke3 61. g5 Kf4 62. Rf1+ Kg4 63. Rg1+ Kf4 64. Kg7 1-0

[Event "SWE-chT 2122 Elite"]
[Site "Sweden"]
[Date "2022.04.09"]
[Round "6"]
[White "Pantzar, Milton"]
[Black "Suarez Garcia, Carlos"]
[Result "1/2-1/2"]
[WhiteElo "2420"]
[BlackElo "2451"]
[PlyCount "67"]
[EventDate "2021.12.03"]
[EventType "team-tourn"]
[EventRounds "9"]
[EventCountry "SWE"]
[SourceTitle "EXT 2024"]
[Source "ChessBase"]
[SourceDate "2023.10.10"]
[SourceVersion "1"]
[SourceVersionDate "2023.10.10"]
[SourceQuality "1"]
[WhiteTeam "Vasteras"]
[BlackTeam "Wasa"]
[WhiteTeamCountry "SWE"]
[BlackTeamCountry "SWE"]

1. d4 d5 2. c4 e6 3. Nf3 Nf6 4. g3 Be7 5. Bg2 0-0 6. 0-0 dxc4 7. Ne5 Qd6 8. Na3 Rd8 9. Naxc4 Qa6 10. e3 c5 11. b4 cxb4 12. Bb2 Nc6 13. a3 Nxe5 14. Nxe5 Qb5 15. axb4 Bd7 16. Qf3 a5 17. Qxb7 Nd5 18. Qxb5 Bxb5 19. Rfc1 axb4 20. Bf1 Be8 21. Bc4 Nb6 22. Bb3 Na4 23. Ra2 Nxb2 24. Rxb2 Kf8 25. Kf1 Bd6 26. Nd3 Rdc8 27. Nc5 Bxc5 28. dxc5 Ra5 29. Bd1 Raxc5 30. Rxc5 Rxc5 31. Rxb4 Bb5+ 32. Kg2 Bc6+ 33. Bf3 Bxf3+ 34. Kxf3 1/2-1/2

[Event "Titled Tuesday intern op 09th Nov"]
[Site "Chess.com INT"]
[Date "2021.11.09"]
[Round "5"]
[White "Suarez Garcia, Carlos"]
[Black "Kalashian, David"]
[Result "1-0"]
[WhiteElo "2451"]
[BlackElo "2398"]
[PlyCount "73"]
[EventDate "2021.11.09"]
[EventType "swiss (blitz)"]
[EventRounds "11"]
[EventCountry "USA"]
[SourceTitle "CBM 205 Extra"]
[Source "ChessBase"]
[SourceDate "2022.01.31"]
[SourceVersion "1"]
[SourceVersionDate "2022.01.31"]
[SourceQuality "1"]

1. Nf3 Nf6 2. b3 d5 3. Bb2 e6 4. g3 c5 5. e3 Nc6 6. Bg2 Be7 7. 0-0 0-0 8. c4 d4 9. exd4 cxd4 10. Re1 Re8 11. d3 Bf8 12. Ba3 Bxa3 13. Nxa3 e5 14. Nc2 a5 15. a3 Bf5 16. Nh4 Bg4 17. Qd2 h6 18. b4 axb4 19. axb4 Rxa1 20. Rxa1 g5 21. Nf3 e4 22. dxe4 Nxe4 23. Qd3 Nc3 24. b5 Bxf3 25. Qxf3 Ne5 26. Qxb7 d3 27. Ne3 d2 28. Bd5 Kg7 29. Kg2 Re7 30. Nf5+ Kf6 31. Nxe7 d1Q 32. Ra6+ Kg7 33. Nf5+ Kg8 34. Ra8 Nxd5 35. Rxd8+ Kh7 36. Qxd5 Nd3 37. Qxd3 1-0

[Event "Titled Tuesday intern op 09th Nov"]
[Site "Chess.com INT"]
[Date "2021.11.09"]
[Round "9"]
[White "Suarez Garcia, Carlos"]
[Black "Shirazi, Kamran"]
[Result "1/2-1/2"]
[WhiteElo "2451"]
[BlackElo "2325"]
[PlyCount "146"]
[EventDate "2021.11.09"]
[EventType "swiss (blitz)"]
[EventRounds "11"]
[EventCountry "USA"]
[SourceTitle "CBM 205 Extra"]
[Source "ChessBase"]
[SourceDate "2022.01.31"]
[SourceVersion "1"]
[SourceVersionDate "2022.01.31"]
[SourceQuality "1"]

1. Nf3 d5 2. b3 c5 3. e3 Nc6 4. Bb2 f6 5. d4 Bg4 6. Be2 e6 7. 0-0 Bd6 8. c4 Nge7 9. dxc5 Bxc5 10. cxd5 Qxd5 11. Nc3 Qxd1 12. Rfxd1 0-0 13. Na4 Bb4 14. Rd7 b6 15. a3 e5 16. Rdd1 Ba5 17. b4 b5 18. Bxb5 Bb6 19. h3 Bh5 20. Rd6 Rac8 21. Rc1 Nb8 22. Nxb6 axb6 23. Rxb6 Rxc1+ 24. Bxc1 Bf7 25. Rb7 Nd5 26. Bd2 Rc8 27. e4 Nc7 28. Ba4 Kf8 29. Be3 Ne6 30. b5 Be8 31. Bb3 Nd8 32. Rb6 Nd7 33. Rd6 Ra8 34. a4 Nb7 35. Bd5 Ke7 36. Bxb7 Rb8 37. Rxd7+ Bxd7 38. Bc5+ Kd8 39. Bd5 Bxb5 40. axb5 Rxb5 41. Bf8 g6 42. Bh6 Ke7 43. g4 Rb1+ 44. Kg2 Rb2 45. Be3 Rc2 46. h4 Kd6 47. h5 f5 48. gxf5 gxf5 49. Bg5 Rc8 50. Nh4 fxe4 51. Bxe4 Rg8 52. Nf5+ Kd7 53. Bc6+ Kc7 54. Be4 Rxg5+ 55. Kf3 Rxh5 56. Ng3 Rh4 57. Nf5 Rf4+ 58. Ke3 h5 59. f3 h4 60. Kf2 Kb6 61. Kg2 Kc5 62. Kh3 Kc4 63. Nxh4 Kd4 64. Nf5+ Kc3 65. Kg3 Kd2 66. Ne7 Rf6 67. Ng6 Re6 68. Kg4 Re8 69. Kf5 Ke3 70. Nxe5 Rf8+ 71. Kg4 Rf4+ 72. Kg3 Rxe4 73. fxe4 Kxe4 1/2-1/2

[Event "Titled Tuesday intern op 09th Nov"]
[Site "Chess.com INT"]
[Date "2021.11.09"]
[Round "10"]
[White "Weetik, Vjacheslav"]
[Black "Suarez Garcia, Carlos"]
[Result "1-0"]
[WhiteElo "2423"]
[BlackElo "2451"]
[PlyCount "97"]
[EventDate "2021.11.09"]
[EventType "swiss (blitz)"]
[EventRounds "11"]
[EventCountry "USA"]
[SourceTitle "CBM 205 Extra"]
[Source "ChessBase"]
[SourceDate "2022.01.31"]
[SourceVersion "1"]
[SourceVersionDate "2022.01.31"]
[SourceQuality "1"]

1. d4 d5 2. Bf4 e6 3. e3 Nf6 4. Nd2 c5 5. c3 Bd6 6. Bxd6 Qxd6 7. Bd3 Nc6 8. f4 cxd4 9. cxd4 0-0 10. Ngf3 b6 11. Ne5 Bb7 12. 0-0 Rac8 13. a3 g6 14. Qe1 Nd7 15. Qh4 f6 16. Ng4 f5 17. Ne5 Ndxe5 18. fxe5 Qe7 19. Qg3 Rc7 20. h4 Kg7 21. Nf3 h6 22. Rf2 Na5 23. Qf4 Kh7 24. Kh2 Qd8 25. g4 Rg7 26. Rg1 Rfg8 27. Rfg2 Qf8 28. h5 g5 29. gxf5 exf5 30. Qxf5+ Kh8 31. e6 Nc6 32. Ne5 Nxe5 33. Qxe5 Qf3 34. Bg6 Bc8 35. Rg3 Qf8 36. Bf7 Kh7 37. Qxd5 Qe7 38. Qf5+ Kh8 39. d5 Qc7 40. Qf6 Kh7 41. Bxg8+ Kxg8 42. Rf1 Qc2+ 43. Rf2 Qe4 44. Qd8+ Kh7 45. Qxc8 Qh4+ 46. Kg2 Qe4+ 47. Kg1 Qb1+ 48. Kh2 Qe4 49. Qc2 1-0

[Event "POR-chT"]
[Site "Penafiel"]
[Date "2020.08.25"]
[Round "6.5"]
[White "Dias, Paulo Jorge Guimara"]
[Black "Suarez Garcia, Carlos"]
[Result "1/2-1/2"]
[WhiteElo "2334"]
[BlackElo "2441"]
[PlyCount "38"]
[EventDate "2020.08.22"]
[EventType "team-tourn"]
[EventRounds "9"]
[EventCountry "POR"]
[SourceTitle "CBM 198 Extra"]
[Source "ChessBase"]
[SourceDate "2020.11.30"]
[SourceVersion "1"]
[SourceVersionDate "2020.11.30"]
[SourceQuality "1"]
[WhiteTeam "Montemor o Novo"]
[BlackTeam "Dias Ferreira"]
[WhiteTeamCountry "POR"]
[BlackTeamCountry "POR"]

1. d4 d5 2. c4 e6 3. Nc3 Be7 4. Nf3 Nf6 5. Bf4 0-0 6. e3 Nbd7 7. c5 Ne4 8. Bd3 f5 9. h4 c6 10. Rc1 Qe8 11. Ne5 Nxe5 12. Bxe5 Qg6 13. g3 Bf6 14. Ne2 Qh5 15. Bxf6 Nxf6 16. Nf4 Qe8 17. Be2 e5 18. dxe5 Qxe5 19. Qd4 Qe4 1/2-1/2

[Event "Oviedo op 7th"]
[Site "Oviedo"]
[Date "2019.07.18"]
[Round "5"]
[White "Grigoryan, Karen H"]
[Black "Suarez Garcia, Carlos"]
[Result "0-1"]
[WhiteElo "2549"]
[BlackElo "2416"]
[PlyCount "100"]
[EventDate "2019.07.15"]
[EventType "swiss"]
[EventRounds "9"]
[EventCountry "ESP"]
[SourceTitle "CBM 191 Extra"]
[Source "ChessBase"]
[SourceDate "2019.09.30"]
[SourceVersion "1"]
[SourceVersionDate "2019.09.30"]
[SourceQuality "1"]

1. e4 c5 2. Nf3 e6 3. d4 cxd4 4. Nxd4 Nc6 5. Nc3 Qc7 6. Be3 a6 7. Qf3 Nf6 8. Qg3 Qxg3 9. hxg3 Ng4 10. Nxc6 Nxe3 11. Nd4 Nxf1 12. Rxf1 b5 13. a4 b4 14. Nce2 Bb7 15. f3 Bc5 16. Nb3 Rc8 17. Nxc5 Rxc5 18. Nd4 Ke7 19. Rf2 Rg5 20. Ne2 Rc8 21. 0-0-0 h5 22. b3 g6 23. c3 bxc3 24. Kc2 a5 25. Rd3 d5 26. exd5 Rxd5 27. Rxc3 e5 28. Rf1 Rcd8 29. Rc7+ R5d7 30. Rxd7+ Rxd7 31. Nc3 f5 32. Re1 Kf6 33. Re2 g5 34. Rd2 Rxd2+ 35. Kxd2 Ke6 36. Nd1 f4 37. gxf4 exf4 38. Nf2 Kf5 39. Nd3 g4 40. b4 axb4 41. Nxb4 gxf3 42. gxf3 Bxf3 43. Ke1 h4 44. Kf2 Be4 45. Na2 h3 46. Kg1 f3 47. Nc3 Kf4 48. Kh2 f2 49. Ne2+ Kg4 50. Ng3 Bg2 0-1

[Event "Oviedo op 7th"]
[Site "Oviedo"]
[Date "2019.07.18"]
[Round "6"]
[White "Suarez Garcia, Carlos"]
[Black "Admiraal, Miguoel"]
[Result "1/2-1/2"]
[WhiteElo "2416"]
[BlackElo "2504"]
[PlyCount "81"]
[EventDate "2019.07.15"]
[EventType "swiss"]
[EventRounds "9"]
[EventCountry "ESP"]
[SourceTitle "CBM 191 Extra"]
[Source "ChessBase"]
[SourceDate "2019.09.30"]
[SourceVersion "1"]
[SourceVersionDate "2019.09.30"]
[SourceQuality "1"]

1. Nf3 d5 2. b3 Bg4 3. Bb2 Bxf3 4. exf3 Nf6 5. g3 e6 6. Bg2 g6 7. f4 Bg7 8. 0-0 0-0 9. c4 c6 10. d3 Nbd7 11. Nd2 Ne8 12. d4 Nd6 13. Qc2 Nf5 14. Nf3 Qb6 15. Rfd1 h5 16. h4 Rfd8 17. Bh3 Nf6 18. c5 Qc7 19. Ne5 Nd7 20. Rac1 Bh6 21. Qe2 Nxe5 22. dxe5 Bf8 23. Qd2 b6 24. Bxf5 exf5 25. cxb6 axb6 26. Qc3 Rxa2 27. e6 Rxb2 28. Qxb2 c5 29. Qf6 Rd6 30. Re1 Qe7 31. exf7+ Qxf7 32. Qe5 d4 33. Ra1 Rd8 34. Qe6 Qxe6 35. Rxe6 b5 36. Rxg6+ Kh7 37. Rc6 d3 38. Ra7+ Kg8 39. Rg6+ Kh8 40. Rg5 d2 41. Rxh5+ 1/2-1/2

[Event "San Sebastian op 42nd"]
[Site "San Sebastian"]
[Date "2019.04.18"]
[Round "7"]
[White "Pulvett Marin, Daniel Eduardo"]
[Black "Suarez Garcia, Carlos"]
[Result "1-0"]
[WhiteElo "2468"]
[BlackElo "2424"]
[PlyCount "109"]
[EventDate "2019.04.13"]
[EventType "swiss"]
[EventRounds "9"]
[EventCountry "ESP"]
[SourceTitle "CBM 189 Extra"]
[Source "ChessBase"]
[SourceDate "2019.06.03"]
[SourceVersion "1"]
[SourceVersionDate "2019.06.03"]
[SourceQuality "1"]

1. d4 d6 2. Nf3 g6 3. g3 Bg7 4. Bg2 c5 5. 0-0 cxd4 6. Nxd4 Qb6 7. Nb3 Nf6 8. Nc3 Nc6 9. h3 0-0 10. e4 Be6 11. Re1 Rfe8 12. Nd5 Qd8 13. c3 Rc8 14. f4 Nd7 15. Be3 Na5 16. Bf2 Nc4 17. Rb1 Ndb6 18. g4 Na4 19. Re2 Bd7 20. Bh4 f6 21. Qe1 e6 22. Ne3 Nxe3 23. Rxe3 g5 24. Bg3 gxf4 25. Bxf4 Qb6 26. Kh1 e5 27. Bg3 Be6 28. Bf2 Qc7 29. Nc1 b5 30. a3 Nb6 31. Ne2 Bh6 32. Rf3 Nc4 33. Bh4 Bg5 34. Rxf6 Bxf6 35. Bxf6 Qf7 36. Qh4 Rf8 37. g5 d5 38. Ng3 Nd2 39. Rd1 Nxe4 40. Nxe4 dxe4 41. Bxe4 h5 42. Qg3 Rfe8 43. Qf3 Rf8 44. Rd6 Rce8 45. Kh2 h4 46. Qd3 Bc4 47. Qd1 Re6 48. Rd7 Be2 49. Rxf7 Bxd1 50. Rg7+ Kh8 51. Rh7+ Kg8 52. Rg7+ Kh8 53. Rg6+ Kh7 54. Rh6+ Kg8 55. Bh7+ 1-0

[Event "San Sebastian op 42nd"]
[Site "San Sebastian"]
[Date "2019.04.14"]
[Round "3"]
[White "Pastor Alonso de Prado, Emilio Alberto"]
[Black "Suarez Garcia, Carlos"]
[Result "0-1"]
[WhiteElo "2090"]
[BlackElo "2424"]
[PlyCount "46"]
[EventDate "2019.04.13"]
[EventType "swiss"]
[EventRounds "9"]
[EventCountry "ESP"]
[SourceTitle "CBM 189 Extra"]
[Source "ChessBase"]
[SourceDate "2019.06.03"]
[SourceVersion "1"]
[SourceVersionDate "2019.06.03"]
[SourceQuality "1"]

1. e4 c5 2. c3 Nf6 3. e5 Nd5 4. d4 cxd4 5. Nf3 d6 6. cxd4 Nc6 7. Nc3 dxe5 8. dxe5 Nxc3 9. Qxd8+ Nxd8 10. bxc3 Bd7 11. Be3 g6 12. Nd4 Bg7 13. f4 Rc8 14. Kd2 0-0 15. Rb1 f6 16. exf6 Rxf6 17. h4 Rd6 18. h5 Ne6 19. hxg6 hxg6 20. Bd3 Nxd4 21. Bxd4 Bxd4 22. cxd4 Rxd4 23. Rxb7 Bf5 0-1

[Event "SWE-chT 1819 Elite"]
[Site "Sweden"]
[Date "2019.03.10"]
[Round "5"]
[White "Suarez Garcia, Carlos"]
[Black "Ertan, Can"]
[Result "1/2-1/2"]
[WhiteElo "2424"]
[BlackElo "2416"]
[PlyCount "54"]
[EventDate "2018.11.09"]
[EventType "team-tourn"]
[EventRounds "9"]
[EventCountry "SWE"]
[SourceTitle "EXT 2021"]
[Source "ChessBase"]
[SourceDate "2020.10.23"]
[SourceVersion "1"]
[SourceVersionDate "2020.10.23"]
[SourceQuality "1"]
[WhiteTeam "Wasa"]
[BlackTeam "Stockholm CC"]
[WhiteTeamCountry "SWE"]
[BlackTeamCountry "SWE"]

1. d4 Nf6 2. Bf4 c5 3. d5 Qb6 4. Bc1 e6 5. c4 Qb4+ 6. Nc3 Qxc4 7. e4 Qb4 8. a3 Qa5 9. Bd2 Qd8 10. Bg5 h6 11. Bh4 a6 12. e5 g5 13. Bg3 Nxd5 14. Nxd5 exd5 15. Qxd5 Nc6 16. Bc4 Qe7 17. 0-0-0 b5 18. Ba2 Qe6 19. Ne2 Bb7 20. Nc3 0-0-0 21. Qd2 c4 22. Rhe1 Bg7 23. Ne4 Bxe5 24. Nc5 Qf6 25. Ne4 Qe6 26. Nc5 Qf6 27. Ne4 Qe6 1/2-1/2

[Event "Elgoibar 28th"]
[Site "Elgoibar"]
[Date "2018.12.18"]
[Round "9"]
[White "Velten, Paul"]
[Black "Suarez Garcia, Carlos"]
[Result "1/2-1/2"]
[WhiteElo "2485"]
[BlackElo "2449"]
[PlyCount "25"]
[EventDate "2018.12.12"]
[EventType "tourn"]
[EventRounds "9"]
[EventCountry "ESP"]
[EventCategory "7"]
[SourceTitle "CBM 187 Extra"]
[Source "ChessBase"]
[SourceDate "2018.11.04"]
[SourceVersion "1"]
[SourceVersionDate "2018.11.04"]
[SourceQuality "1"]

1. d4 d5 2. Nf3 e6 3. c4 c6 4. e3 f5 5. Nbd2 Nf6 6. g3 Bd6 7. Bg2 0-0 8. 0-0 Qe7 9. Qc2 Nbd7 10. b3 b6 11. Bb2 Bb7 12. Ne5 Rac8 13. Nd3 1/2-1/2